| 000 | 00347nam a2200133Ia 4500 | ||
|---|---|---|---|
| 005 | 20260326235459.0 | ||
| 008 | 260326s9999||||xx |||||||||||||| ||und|| | ||
| 100 | _aBach, Ira J. | ||
| 245 | 0 |
_aChicago´s Famous Buildings / _cIra J. Bach |
|
| 260 | _bUniversity of Chicago Press | ||
| 300 | _a267 p. | ||
| 650 | _aARQUITECTURA REGIONAL | ||
| 942 | _cBK | ||
| 999 |
_c8025 _d8025 |
||